<?xml version="1.0" encoding="UTF-8"?><?xml-stylesheet type="text/xsl" href="static/style.xsl"?><OAI-PMH xmlns="http://www.openarchives.org/OAI/2.0/" xmlns:xsi="http://www.w3.org/2001/XMLSchema-instance" xsi:schemaLocation="http://www.openarchives.org/OAI/2.0/ http://www.openarchives.org/OAI/2.0/OAI-PMH.xsd"><responseDate>2026-06-01T03:33:45Z</responseDate><request verb="GetRecord" identifier="oai:riuma.uma.es:10630/9703" metadataPrefix="marc">https://riuma.uma.es/rest/oai/request</request><GetRecord><record><header><identifier>oai:riuma.uma.es:10630/9703</identifier><datestamp>2026-02-03T12:22:52Z</datestamp><setSpec>com_10630_2254</setSpec><setSpec>col_10630_37959</setSpec></header><metadata><record xmlns="http://www.loc.gov/MARC21/slim" xmlns:dcterms="http://purl.org/dc/terms/" xmlns:doc="http://www.lyncode.com/xoai" xmlns:xsi="http://www.w3.org/2001/XMLSchema-instance" xsi:schemaLocation="http://www.loc.gov/MARC21/slim http://www.loc.gov/standards/marcxml/schema/MARC21slim.xsd">
   <leader>00925njm 22002777a 4500</leader>
   <datafield ind2=" " ind1=" " tag="042">
      <subfield code="a">dc</subfield>
   </datafield>
   <datafield ind2=" " ind1=" " tag="720">
      <subfield code="a">Barco-Cebrián, Lorena Catalina</subfield>
      <subfield code="e">author</subfield>
   </datafield>
   <datafield ind2=" " ind1=" " tag="260">
      <subfield code="c">2015-04-29</subfield>
   </datafield>
   <datafield ind2=" " ind1=" " tag="520">
      <subfield code="a">El papel de la nobleza en la transición de la Edad Media a la Modernidad es ampliamente conocido, pero hay aún muchos aspectos que la historiografía no ha tratado en profundidad en cuanto a la mujer noble se refiere, a pesar de los recientes estudios sobre esta temática.&#xd;
Leonor Pimental y Zúñiga, hija de Juan Pimentel y Elvira de Zúñiga, es el objeto principal de este trabajo que, oculta entre los miles de&#xd;
documentos de los archivos españoles, no había sido estudiada hasta el momento.&#xd;
Vivió entre Béjar y Plasencia, desconociendo la fecha exacta de su nacimiento, murió el 31 de marzo de 1486, no sin antes haberse convertido en señora de Capilla y Burguillos, rompiendo el mayorazgo de su esposo y tío, don Álvaro de Zúñiga, con quien contrajo matrimonio en 1458. Fue una mujer que supo tomar sus propias decisiones y llevarlas a cabo en un mundo donde&#xd;
el patriarcado se extendía de las más altas esferas del poder hasta las acciones más cotidianas del día a día.</subfield>
   </datafield>
   <datafield ind1="8" ind2=" " tag="024">
      <subfield code="a">http://hdl.handle.net/10630/9703</subfield>
   </datafield>
   <datafield tag="653" ind2=" " ind1=" ">
      <subfield code="a">Mujeres - Historia - S. XII-XV</subfield>
   </datafield>
   <datafield ind2="0" ind1="0" tag="245">
      <subfield code="a">Leonor Pimentel: Mujer y poder en la Baja Edad Media</subfield>
   </datafield>
</record>
</metadata></record></GetRecord></OAI-PMH>